000 01365nam a2200397 c 4500
001 17342
003 ES-MaCES
005 20141221122457.0
008 050309s2004 sp t 000 | spa d
017 _aVA 851-2004
_bDL
020 _a8484066118
035 _aCES20050002024m
040 _aES-MaCES
_bspa
_cES-MaCES
100 1 _aMateos Beato, Alfredo
_918130
245 1 3 _aLa derivación de responsabilidad por deudas de Seguridad Social
_b: análisis de los supuestos y procedimientos
_cAlfredo Mateos Beato, Rodrigo Martín Jiménez
250 _a2ª ed
260 _aValladolid
_bLex Nova
_c2004
300 _a360 p.
_c24 cm
504 _aBibliografía: p. 354-360
541 _cCompra
650 4 _aresponsabilidad del empleador
_930146
650 4 _aresponsabilidad civil
_929046
650 4 _adeuda
_928111
650 4 _aseguridad social
_927034
650 4 _aadministración de la seguridad social
_930264
650 4 _amecanismo de control
_929918
650 4 _alegislación de seguridad social
_929855
650 4 _aprocedimiento administrativo
_930919
650 4 _aEspaña
_926964
650 4 _arégimen jurídico
_929894
653 1 0 _aDerecho del trabajo y Seguridad Social
700 1 _aMartín Jiménez, Rodrigo
_917965
902 _aLIB Libro
942 _2CES
_cBK
_h6.0.1.
999 _c17342
_d17342